Consumo y estilos de desarrollo

Furkejuvvon:
Bibliográfalaš dieđut
Váldodahkki: Filgueira, Carlos
Materiálatiipa: Texto
Almmustuhtton: Santiago?: CEPAL
Fáddágilkorat: Lasit fáddágilkoriid
Eai fáddágilkorat, Lasit vuosttaš fáddágilkora!

MARC

LEADER 00000 a a2200000 04500
001 19242
003
040
090 |a 019600  
100 |a Filgueira, Carlos  
245 |a Consumo y estilos de desarrollo  
260 |a Santiago?:   |b CEPAL  
300 |a 29, X p.  
999 |c 11524  |d 11524